[Event "12th Gazi-Heraklion Open"]
[Site "Malevizi GRE"]
[Date "2016.07.30"]
[Round "3.10"]
[White "Lampadariou,Nikolaos"]
[Black "Grinblat,Artemiy"]
[Result "0-1"]
[WhiteElo "1967"]
[BlackElo "2176"]

1.d4 e6 2.c4 Nf6 3.Nc3 c5 4.d5 exd5 5.cxd5 d6 6.Nf3 g6 7.e4 Bg7 8.Be2 O-O
9.O-O Bg4 10.Qc2 Nbd7 11.Bf4 Qe7 12.h3 Bxf3 13.Bxf3 Ne5 14.Be2 Nfd7 15.Be3 f5
16.exf5 Rxf5 17.Qd2 Nb6 18.b3 Nf7 19.Bg4 Bxc3 20.Qxc3 Nxd5 21.Qd3 Nxe3 22.Bxf5 Nxf5
23.Rfe1 Ne5 24.Qd5+ Qf7 25.Qe4 Rf8 26.Rad1 Nd4 27.Rf1 Qf4 28.Qxf4 Rxf4 29.Rfe1 Kf7
30.Kf1 Ke6 31.f3 d5 32.Kf2 Kd6 33.Kg3 g5 34.Kf2 b5 35.Re3 c4 36.bxc4 bxc4
37.Ra3 Nd3+ 38.Kf1 Nb5 39.Ra6+ Kc5 40.a4 Nc7 41.Rh6 Rf7 42.Ke2 d4 43.Kd2 Nb4
44.Rh5 c3+ 45.Kc1 Ne6 46.h4 d3 47.Rh1 d2+ 48.Kd1 Rd7  0-1

[Event "TCh-TUR Super League 2016"]
[Site "Izmir TUR"]
[Date "2016.07.31"]
[Round "8.5"]
[White "Akdogan,Alperen"]
[Black "Aydincelebi,Kagan"]
[Result "1-0"]
[WhiteElo "2050"]
[BlackElo "2096"]

1.d4 Nf6 2.Nf3 c5 3.d5 e6 4.c4 exd5 5.cxd5 d6 6.Nc3 g6 7.Bf4 a6 8.a4 Bg7
9.h3 O-O 10.e3 Ne8 11.Be2 Nd7 12.O-O Qe7 13.Nd2 f5 14.a5 Rb8 15.Qb3 g5 16.Bh2 f4
17.Nce4 b5 18.exf4 gxf4 19.Rfe1 Ne5 20.Nf3 Kh8 21.Qc2 Nc7 22.Qd2 Nxf3+ 23.Bxf3 Be5
24.Nxc5 dxc5 25.Qe2 Re8 26.Bh5 Bf5 27.Bxe8 Rxe8 28.Bxf4 Bxf4 29.Qxe7 Rxe7
30.Rxe7 Bd6 31.Rf7 Bc8 32.Re1 Kg8 33.Rxc7 Bxc7 34.Re8+ Kf7 35.Rxc8 Be5 36.Rxc5 Bxb2
37.Rc6 Bd4 38.Rxa6 b4 39.Rb6  1-0

[Event "Kecskemet GM July 2016"]
[Site "Kecskemet HUN"]
[Date "2016.07.31"]
[Round "2.2"]
[White "Nagy,Ga1"]
[Black "Keresztes,R"]
[Result "1-0"]
[WhiteElo "2424"]
[BlackElo "2197"]

1.d4 Nf6 2.c4 c5 3.d5 e6 4.Nc3 exd5 5.cxd5 d6 6.Nf3 g6 7.Bf4 a6 8.a4 Bg7
9.h3 O-O 10.e3 Qe7 11.Be2 Nbd7 12.O-O Rb8 13.Bh2 Ne8 14.Nd2 Nc7 15.Nc4 Ne5
16.Nb6 f5 17.Kh1 Bd7 18.a5 Bb5 19.Nxb5 axb5 20.Qb3 b4 21.Qa4 Qe8 22.Qc2 Kh8
23.Rae1 Qd8 24.Bxe5 Bxe5 25.Nc4 Bf6 26.Qd2 g5 27.Bd3 Be7 28.Bc2 Qd7 29.f4 g4
30.hxg4 fxg4 31.g3 Rf6 32.Kg2 h5 33.e4 h4 34.e5 Rh6 35.f5 h3+ 36.Kh2 Bf8
37.f6 dxe5 38.Nxe5 Qxd5 39.Qxd5 Nxd5 40.Nf7+  1-0

[Event "12th Gazi-Heraklion Open"]
[Site "Malevizi GRE"]
[Date "2016.07.31"]
[Round "4.2"]
[White "Rychagov,A"]
[Black "Balokas,D2"]
[Result "1-0"]
[WhiteElo "2558"]
[BlackElo "2142"]

1.d4 Nf6 2.c4 c5 3.d5 e6 4.Nc3 exd5 5.cxd5 d6 6.Nf3 g6 7.Nd2 Nbd7 8.e4 Bg7
9.Be2 O-O 10.O-O Re8 11.Qc2 a6 12.a4 Rb8 13.h3 Qe7 14.Re1 h5 15.Nc4 Nh7 16.Bf4 Ne5
17.Bh2 Nxc4 18.Bxc4 Bd7 19.a5 Be5 20.f4 Bd4+ 21.Kh1 h4 22.e5 Bf5 23.Qd2 Qc7
24.Ne4 Bxe4 25.Rxe4 b5 26.axb6 Qxb6 27.Rxd4 cxd4 28.b3 a5 29.Bg1 dxe5 30.fxe5 Rxe5
31.Bxd4 Qd6 32.Bxe5 Qxe5 33.Re1 Qg3 34.d6 Rd8 35.d7 Nf6 36.Re7 Rxd7 37.Rxd7 Nxd7
38.Qxd7 Qe1+ 39.Kh2 Qg3+ 40.Kg1 Qe1+ 41.Bf1 Qe3+ 42.Kh1 Qxb3 43.Qd8+ Kg7
44.Qxh4 a4 45.Qd4+ f6 46.Bc4 Qb1+ 47.Kh2 Qb8+ 48.g3 a3 49.h4 Qc7 50.Qd5 Qc8
51.Qf7+ Kh6 52.Qxf6  1-0

[Event "5th Arber Open 2016"]
[Site "Bayerisch Eisenstein GER"]
[Date "2016.08.01"]
[Round "3.15"]
[White "Kuempers,U"]
[Black "Kleinhenz,HG"]
[Result "1-0"]
[WhiteElo "2099"]
[BlackElo "1861"]

1.d4 e6 2.c4 Nf6 3.Nf3 c5 4.d5 exd5 5.cxd5 d6 6.Nc3 g6 7.e4 Bg7 8.Bb5+ Bd7
9.O-O O-O 10.a4 a6 11.Be2 Bg4 12.Nd2 Bxe2 13.Qxe2 Qe7 14.Nc4 Nbd7 15.Bg5 h6
16.Bh4 Ne5 17.Nb6 Rad8 18.f4 Ned7 19.Nc4 b5 20.axb5 axb5 21.Nxb5 Qxe4 22.Qxe4 Nxe4
23.Bxd8 Rxd8 24.Rfe1 f5 25.Ra6 Ndf6 26.Nbxd6 Nxd6 27.Rxd6 Rxd6 28.Nxd6 Nxd5
29.Re8+ Kh7 30.g3 Bxb2 31.Kf2 Bd4+ 32.Kf3 Kg7 33.Rc8 Nc3 34.Nc4 g5 35.fxg5 hxg5
36.Rc6 Bg1 37.h3 Nb5 38.Kg2 Bd4 39.Rb6 Nc3 40.Nd6 Kf6 41.Ne4+ Ke5 42.Nxg5 c4
43.Nf3+ Kd5 44.Nxd4 Kxd4 45.h4 Ne4 46.Kf3 c3 47.Rc6 Nd2+ 48.Ke2 Ne4 49.Kf3 Nd2+
50.Kf4 Nc4 51.Ra6 c2 52.Ra1 Nd2 53.Rc1 Kd3 54.h5 Nc4 55.h6 Nd6 56.h7 Nf7
57.Kxf5  1-0

[Event "70th Butnorius Open 2016"]
[Site "Kaunas LTU"]
[Date "2016.08.02"]
[Round "3.23"]
[White "Baliuniene,Margarita"]
[Black "Zilakauskis,Steponas"]
[Result "1-0"]
[WhiteElo "1909"]
[BlackElo "1538"]

1.d4 Nf6 2.Nf3 c5 3.d5 e6 4.c4 exd5 5.cxd5 d6 6.Nc3 g6 7.e4 Bg7 8.Be2 O-O
9.O-O Re8 10.Qc2 a6 11.a4 Nbd7 12.Bf4 Bf8 13.h3 a5 14.Bb5 b6 15.Rfe1 Ba6
16.Bc6 Rb8 17.Rad1 Bb7 18.Bb5 Qc8 19.Nd2 Rd8 20.Nc4 Ne8 21.Bxd7 Qxd7 22.Nxb6 Qc7
23.Nc4 Ba6 24.Na3 Bg7 25.Nab5 Bxb5 26.Nxb5 Qe7 27.Bd2 Nc7 28.Bxa5 Nxb5 29.Bxd8 Qxd8
30.axb5 Rxb5 31.b3 Qh4 32.Qd3 Rb4 33.Rc1 Bd4 34.Re2 Qf4 35.Rc4 Rxc4 36.Qxc4 Be5
37.g3 Qg5 38.Kg2 h5 39.h4 Qf6 40.f4 Bd4 41.Qb5 Qe7 42.Qb8+ Kh7 43.e5 dxe5
44.fxe5 f6 45.Qd6 Qb7 46.exf6 Qxb3 47.Re7+ Kg8 48.Qd8+  1-0

[Event "7th Terre degli Elimi"]
[Site "Erice ITA"]
[Date "2016.08.03"]
[Round "8.5"]
[White "Khusnutdinov,R"]
[Black "Paulet,I"]
[Result "1-0"]
[WhiteElo "2476"]
[BlackElo "2249"]

1.d4 Nf6 2.c4 e6 3.Nc3 c5 4.d5 exd5 5.cxd5 d6 6.Nf3 g6 7.Bf4 a6 8.a4 Bg7
9.h3 O-O 10.e3 Re8 11.Nd2 Nbd7 12.Be2 Ne5 13.O-O Nfd7 14.Bh2 f5 15.Qb3 Rb8
16.Rfe1 b6 17.e4 Qh4 18.f4 Nf7 19.Nf3 Qf6 20.exf5 gxf5 21.Bd3 Rd8 22.Re6 c4
23.Qxc4 b5 24.Qa2 Nc5 25.Rxf6 Bxf6 26.Qb1 bxa4 27.Nxa4 Nxa4 28.Rxa4 Rxb2
29.Qf1 Rb3 30.Bg3 Bd7 31.Rxa6 Rdb8 32.Kh2 Bb5 33.Bxb5 R3xb5 34.Qd3 Nh6 35.Rxd6  1-0

[Event "4th Famalicao Open 2016"]
[Site "Vila Nova de Famalicao POR"]
[Date "2016.08.03"]
[Round "5.10"]
[White "Novais,C"]
[Black "Martins,Diogo Faria Oliveira"]
[Result "1-0"]
[WhiteElo "2080"]
[BlackElo "1812"]

1.d4 Nf6 2.c4 c5 3.d5 e6 4.Nc3 exd5 5.cxd5 d6 6.Nf3 g6 7.Bf4 Bg7 8.Qa4+ Bd7
9.Qb3 Qc7 10.h3 O-O 11.e3 Nh5 12.Bh2 f5 13.Be2 a6 14.a4 f4 15.e4 Kh8 16.Nd2 Be8
17.O-O Nd7 18.g4 fxg3 19.fxg3 Bd4+ 20.Kg2 Nhf6 21.Nf3 Be5 22.Ng5 Bf7 23.Ne6 Bxe6
24.dxe6 Bxc3 25.e7 Rfe8 26.Qxc3 Kg7 27.g4 Ne5 28.Bxe5 dxe5 29.g5 Nxe4 30.Qf3 Nxg5
31.Qf6+ Kh6 32.h4 Ne4 33.Qf3 Nd6 34.Qe3+ Kg7 35.Qxe5+ Kh6 36.Rf7 Qc6+ 37.Bf3 Nxf7
38.Qf4+ Kg7 39.Bxc6 bxc6 40.Rf1 Rxe7 41.Qf6+ Kf8 42.Qh8+  1-0

[Event "TCh-TUR Super League 2016"]
[Site "Izmir TUR"]
[Date "2016.08.05"]
[Round "13.7"]
[White "Tari,A"]
[Black "Gunduz,Umut Erdem"]
[Result "1-0"]
[WhiteElo "2571"]
[BlackElo "2149"]

1.d4 Nf6 2.c4 c5 3.d5 e6 4.Nf3 d6 5.Nc3 exd5 6.cxd5 g6 7.Bf4 a6 8.a4 Bg7
9.h3 O-O 10.e3 Re8 11.Nd2 Nbd7 12.Be2 Ne5 13.a5 Nfd7 14.O-O f5 15.Bh2 Qe7
16.Qc2 Nf6 17.Qb3 g5 18.Bxe5 Qxe5 19.Nf3 Qe7 20.Nxg5 Ng4 21.Ne6 Nf6 22.Bc4 Kh8
23.Qc2 Bxe6 24.dxe6 Ne4 25.Nxe4 fxe4 26.Qxe4 Rab8 27.Rab1 Rg8 28.b4  1-0

[Event "24th Troya Open 2016"]
[Site "Canakkale TUR"]
[Date "2016.08.09"]
[Round "2.3"]
[White "Angun,Batu"]
[Black "Benidze,D"]
[Result "0-1"]
[WhiteElo "1870"]
[BlackElo "2480"]

1.d4 Nf6 2.c4 c5 3.d5 e6 4.Nc3 exd5 5.cxd5 d6 6.Nf3 g6 7.Bf4 a6 8.a4 Bg7
9.h3 O-O 10.e3 Qe7 11.Nd2 Nfd7 12.Nc4 Ne5 13.Nb6 Ra7 14.Nxc8 Rxc8 15.Be2 Nbd7
16.O-O b6 17.e4 c4 18.Be3 Rac7 19.Rc1 Nc5 20.Bxc5 Rxc5 21.f4 Nd7 22.Bf3 b5
23.axb5 axb5 24.e5 dxe5 25.Ne4 exf4 26.Nxc5 Qxc5+ 27.Kh1 Bxb2 28.Rb1 Be5
29.Qd2 c3 30.Qc2 Nb6 31.Bg4 Rb8 32.Rfe1 Nc4 33.Be2 Nd2 34.Rxb5 Rxb5 35.Bxb5 Qxb5
36.Rxe5 f3 37.gxf3 Qf1+ 38.Kh2 Qf2+ 39.Kh1 Qxf3+ 40.Kh2 Qf4+  0-1

[Event "2nd Zhongfu Open 2016"]
[Site "Shijiazhuang CHN"]
[Date "2016.08.10"]
[Round "2.13"]
[White "Zhao,Shengxin"]
[Black "Liu,Zhaoqi"]
[Result "0-1"]
[WhiteElo "1996"]
[BlackElo "2189"]

1.d4 Nf6 2.c4 c5 3.d5 e6 4.Nc3 exd5 5.cxd5 d6 6.Nf3 g6 7.Bf4 Bg7 8.Qa4+ Bd7
9.Qb3 b5 10.Bxd6 Qb6 11.Be5 O-O 12.e3 c4 13.Qd1 b4 14.Ne2 Bb5 15.Nf4 Nbd7
16.Bd4 Qb7 17.Be2 Rfd8 18.Nd2 Rac8 19.O-O g5 20.Nh3 Qxd5 21.f4 g4 22.Bxg4 c3
23.Bxf6 Nxf6 24.Bxc8 cxd2  0-1

[Event "24th Troya Open 2016"]
[Site "Canakkale TUR"]
[Date "2016.08.13"]
[Round "9.3"]
[White "Guseynov,A"]
[Black "Benidze,D"]
[Result "0-1"]
[WhiteElo "2298"]
[BlackElo "2480"]

1.d4 Nf6 2.c4 c5 3.d5 e6 4.Nc3 exd5 5.cxd5 d6 6.Nf3 g6 7.g3 Bg7 8.Bg2 O-O
9.O-O a6 10.a4 Re8 11.Nd2 Nbd7 12.h3 Rb8 13.Nc4 Ne5 14.Na3 Nh5 15.Kh2 Bd7
16.f4 b5 17.axb5 axb5 18.fxe5 Bxe5 19.Rf3 b4 20.Nc4 bxc3 21.Nxe5 Rxe5 22.bxc3 Bb5
23.Rf2 Qe7 24.e4 Nf6 25.Rb1 Nxe4 26.Bxe4 Rxe4 27.Rfb2 Re8 28.Bh6 g5 29.Qf3 Bc4
30.Qf5 Re5  0-1

[Event "81st ch-ESP 2016"]
[Site "Linares ESP"]
[Date "2016.08.13"]
[Round "9.6"]
[White "Del Rio de Angelis,S"]
[Black "Munoz Pantoja,M"]
[Result "0-1"]
[WhiteElo "2522"]
[BlackElo "2451"]

1.d4 Nf6 2.c4 c5 3.d5 e6 4.Nc3 exd5 5.cxd5 d6 6.Nf3 a6 7.a4 g6 8.Nd2 Nbd7
9.e4 Bg7 10.Be2 O-O 11.O-O Ne8 12.f4 Rb8 13.Kh1 f5 14.exf5 gxf5 15.Nc4 Nb6
16.Ne3 Bd4 17.Rf3 Ng7 18.Bd2 Bd7 19.Bd3 Nc8 20.a5 Ne7 21.Nc4 Be8 22.Rg3 Kh8
23.Rb1 Bh5 24.Be2 Bf7 25.Nb6 Ng8 26.Be3 Bxc3 27.bxc3 Nf6 28.Rh3 Qe7 29.c4 Rbe8
30.Na4 Bg6 31.Nc3 Ng4 32.Bg1 Rf7 33.Rb2 Qf6 34.Qe1 Nh5 35.Rf3 Rfe7 36.h3 Kg8
37.Rb6 Ne3 38.Qc1 Qd4 39.g3 Nf6 40.Nd1 Bh5 41.g4 fxg4 42.Rxe3 Rxe3 43.Bxe3 Qe4+
44.Kg1 gxh3 45.Bf1 Bxd1  0-1

[Event "15th IRI Men Festival"]
[Site "Arak IRI"]
[Date "2016.08.14"]
[Round "5.9"]
[White "Ghaffarifar,Matin"]
[Black "Pilvaieh,A"]
[Result "0-1"]
[WhiteElo "2081"]
[BlackElo "2192"]

1.d4 Nf6 2.c4 c5 3.d5 e6 4.Nc3 exd5 5.cxd5 d6 6.Nf3 g6 7.Bf4 a6 8.Nd2 Bg7
9.Nc4 O-O 10.Bxd6 Re8 11.Bxc5 Qc7 12.Na4 Nbd7 13.d6 Qc6 14.b4 Nxc5 15.bxc5 b5
16.Na5 Qe4 17.Nb6 Qb4+ 18.Qd2 Qxc5 19.Nb3 Qxb6 20.O-O-O Bf5  0-1

[Event "4th Pontevedra Open 2016"]
[Site "Pontevedra ESP"]
[Date "2016.08.14"]
[Round "9.10"]
[White "Roselli Mailhe,B"]
[Black "Garcia Sobrino,David"]
[Result "1/2-1/2"]
[WhiteElo "2442"]
[BlackElo "2087"]

1.d4 Nf6 2.c4 c5 3.d5 e6 4.Nc3 exd5 5.cxd5 d6 6.Nf3 g6 7.Bf4 a6 8.a4 Bg7
9.e3 O-O 10.h3 Qe7 11.Nd2 Nbd7 12.Nc4 Ne8 13.Be2 Ne5 14.Nb6 Rb8 15.O-O f5
16.Bh2 Nc7 17.Ra3 Nd7 18.Rb3 Be5 19.Bxe5 Qxe5 20.Nc4 Qe7 21.a5 Na8 22.Re1 Nf6
23.Bf3 Qc7 24.e4 b5 25.axb6 Nxb6 26.Nxd6 c4 27.Rxb6 Rxb6 28.Nxc8 Qxc8 29.e5 Ne4
30.Bxe4 fxe4 31.Nxe4 Rxb2 32.Qd4 Qb8 33.d6 Qb4 34.Rf1 Rb1 35.Qd5+ Kg7 36.Rxb1 Qxb1+
37.Kh2 Qd3 38.Qc6 Qd4 39.e6 Qe5+ 40.g3 Qxe6 41.Qc7+ Rf7 42.Ng5 Qf5 43.Nxf7 Qxf2+
44.Kh1 Qf1+ 45.Kh2 Qf2+  1/2-1/2

[Event "2nd Zhongfu Open 2016"]
[Site "Shijiazhuang CHN"]
[Date "2016.08.14"]
[Round "6.11"]
[White "Yang,Yijing"]
[Black "Liu,Zhaoqi"]
[Result "0-1"]
[WhiteElo "1953"]
[BlackElo "2189"]

1.d4 Nf6 2.c4 c5 3.d5 e6 4.Nc3 exd5 5.cxd5 d6 6.Nf3 g6 7.Bf4 Bg7 8.Qa4+ Bd7
9.Qb3 b5 10.Nxb5 Bxb5 11.Qxb5+ Nbd7 12.Bxd6 Ne4 13.Be5 O-O 14.Bxg7 Kxg7 15.Qa4 Rb8
16.Qxe4 Qa5+ 17.Nd2 Rxb2 18.Rd1 Rfb8 19.f3 Rxa2 20.Qf4 Rbb2 21.e4 Qc3 22.g4 Ne5
23.g5 Kg8 24.Be2 Qd4 25.Kf1 Rxd2 26.Rxd2 Rxd2 27.Qf6 Nd7 28.Qxd4 cxd4 29.Bb5 Nc5
30.d6 Kf8 31.Rg1 Rb2 32.Be2 a5 33.Rg2 Rb1+ 34.Kf2 a4 35.Bc4 Rb2+ 36.Kg3 a3
37.Rg1 d3 38.Kf4 a2 39.Ra1 d2 40.Bxa2 Rxa2 41.Rd1 Nd3+ 42.Ke3 Nb2  0-1

[Event "15th IRI Men Festival"]
[Site "Arak IRI"]
[Date "2016.08.15"]
[Round "7.2"]
[White "Gholami Orimi,Mahdi"]
[Black "Pilvaieh,A"]
[Result "1-0"]
[WhiteElo "2304"]
[BlackElo "2192"]

1.d4 Nf6 2.c4 c5 3.d5 e6 4.Nc3 exd5 5.cxd5 d6 6.Nf3 g6 7.Nd2 Bg7 8.Nc4 O-O
9.Bf4 Ne8 10.Qd2 Qe7 11.Nb5 a6 12.Nbxd6 Nd7 13.a4 Nef6 14.h3 Nh5 15.Bh2 f5
16.e3 Rd8 17.Be2 Nhf6 18.O-O Ne4 19.Nxe4 fxe4 20.a5 Ne5 21.d6 Qe6 22.Bxe5 Bxe5
23.Nb6 Rxd6 24.Qc2 Rxb6 25.Bc4 Rb4 26.Bxe6+ Bxe6 27.Qxc5 Rb5 28.Qc2 Rb4 29.Rac1 Rf8
30.Qc5 Rb5 31.Qe7 Bf7 32.Rfd1 Kg7 33.Rd7 Bxb2 34.Rcd1 Re5 35.Qb4 Rb5 36.Qxe4 Re8
37.Qxe8  1-0

[Event "24th Poznan Open 2016"]
[Site "Poznan POL"]
[Date "2016.08.15"]
[Round "9.5"]
[White "Michalski,Filip"]
[Black "Woloch,Oskar"]
[Result "1-0"]
[WhiteElo "2054"]
[BlackElo "2170"]

1.d4 Nf6 2.c4 c5 3.d5 e6 4.Nc3 exd5 5.cxd5 d6 6.Nf3 g6 7.Bf4 a6 8.a4 Bg7
9.h3 O-O 10.e3 Qe7 11.Be2 Nbd7 12.O-O h6 13.Nd2 Ne5 14.Bh2 Ne8 15.Qc2 f5
16.Rae1 Nc7 17.f4 Nf7 18.Bf3 Bd7 19.e4 Rae8 20.Bg3 Bd4+ 21.Kh2 Qf6 22.Nc4 Bxc3
23.bxc3 fxe4 24.Bxe4 Bf5 25.Bxf5 Qxf5 26.Qxf5 gxf5 27.Nb6 Rxe1 28.Rxe1 Re8
29.Rxe8+ Nxe8 30.Bh4 Kg7 31.c4 Nh8 32.g4 Ng6 33.Bg3 h5 34.gxh5 Nh8 35.Nc8 b6
36.Ne7 Kh6 37.Nxf5+ Kxh5 38.Bh4 Nf7 39.Kg3 Nc7 40.Be7 Ne8 41.Bf8 Nf6 42.Kf3 b5
43.axb5 axb5 44.cxb5 Nxd5 45.Nxd6 Nd8 46.Ke4 Nb6 47.Be7 Ne6 48.f5 Ng5+ 49.Ke5 Nxh3
50.Ne4 c4 51.Bc5 Nd7+ 52.Kd6 Ng5 53.Ng3+ Kg4 54.Kxd7  1-0

[Event "Bruges Masters 2016"]
[Site "Bruges BEL"]
[Date "2016.08.17"]
[Round "7.5"]
[White "Chartier,Thibaud"]
[Black "Tolk,P"]
[Result "1/2-1/2"]
[WhiteElo "2199"]
[BlackElo "2134"]

1.d4 Nf6 2.Nf3 e6 3.c4 c5 4.d5 exd5 5.cxd5 d6 6.Nc3 g6 7.e4 Bg7 8.h3 O-O
9.Bd3 Na6 10.O-O Nc7 11.Bf4 a6 12.a4 b6 13.Re1 Bb7 14.Qd2 Re8 15.Rad1 b5
16.axb5 axb5 17.Nxb5 Nxb5 18.Bxb5 Rxe4 19.Bg5 Qa5 20.Qxa5 Rxa5 21.Bc6 Ra7
22.Rxe4 Nxe4 23.Bd8 Bf6 24.Bxf6 Nxf6 25.Nd2 Nxd5  1/2-1/2

[Event "TCh-ESP 2nd Div 2016"]
[Site "Linares ESP"]
[Date "2016.08.18"]
[Round "4"]
[White "Longa Yauca,J"]
[Black "Nieves Cabanes,J"]
[Result "1-0"]
[WhiteElo "2277"]
[BlackElo "2215"]

1.d4 Nf6 2.c4 e6 3.Nf3 c5 4.d5 d6 5.Nc3 exd5 6.cxd5 g6 7.e4 a6 8.a4 Bg4 9.Qb3 Bxf3
10.gxf3 Qc7 11.Bd2 Nbd7 12.a5 Bg7 13.Be2 O-O 14.O-O Rae8 15.Ra4 Qc8 16.f4 c4
17.Rxc4 Nc5 18.Qc2 Qh3 19.f3 Nh5 20.Rf2 Qh4 21.e5 Bh6 22.b4 Bxf4 23.bxc5 Rxe5
24.Rg2 Rfe8 25.Qa4 Bxh2+ 26.Rxh2 Rg5+ 27.Bxg5 Qe1+ 28.Bf1 Ng3 29.Qd1  1-0

[Event "14th Kesan Open 2016"]
[Site "Kesan TUR"]
[Date "2016.08.19"]
[Round "9.3"]
[White "Gyokbulut,Julia"]
[Black "Rahmanov,S"]
[Result "1/2-1/2"]
[WhiteElo "2038"]
[BlackElo "2332"]

1.d4 Nf6 2.c4 e6 3.Nf3 c5 4.d5 exd5 5.cxd5 d6 6.Nc3 g6 7.h3 Bg7 8.Bf4 a6
9.a4 O-O 10.e3 Qe7 11.Nd2 Nbd7 12.Nc4 Ne8 13.Be2 Rb8 14.O-O f5 15.Qc2 b6
16.Rfe1 Ne5 17.Bh2 Nxc4 18.Bxc4 Nc7 19.Qd2 g5 20.Bf1 Bd7 21.f4 g4 22.hxg4 fxg4
23.Bg3 h5 24.Bf2 h4 25.g3 Bf6 26.Qd3 Kh8 27.e4 hxg3 28.Qxg3 Rbe8 29.Rad1 Qg7
30.Rd2 b5 31.axb5 Nxb5 32.Nxb5 axb5 33.Rde2 Bd4 34.b3 Qf6 35.Bxd4 Qxd4+ 36.Kg2 Rf7
37.Re3 Rh7 38.Rd3 Qb2+ 39.Re2 Qb1 40.Re1 Qb2+ 41.Re2 Qg7 42.Kg1 c4 43.bxc4 bxc4
44.Rde3 Qd4 45.Bg2 c3 46.Qf2 Rc8 47.Rc2 Ba4 48.Rexc3 Qd1+ 49.Qf1 Qd4+ 50.Qf2 Qd1+
51.Qf1 Qxc2 52.Rxc2 Bxc2 53.Qa1+ Kg8 54.Qf6 Ra8 55.Qe6+ Kh8 56.Qxd6 g3 57.Qf6+ Rg7
58.d6 Ba4 59.e5 Rc8 60.Qh6+ Rh7 61.Qf6+ Rg7 62.Qh6+ Rh7 63.Qf6+ Rg7 64.Qh6+ Rh7  1/2-1/2

[Event "4th Golden Apricot 2016"]
[Site "Malatya TUR"]
[Date "2016.08.23"]
[Round "5.2"]
[White "Volkov,Sergey1"]
[Black "Benidze,D"]
[Result "1/2-1/2"]
[WhiteElo "2591"]
[BlackElo "2480"]

1.d4 Nf6 2.c4 c5 3.d5 e6 4.Nc3 exd5 5.cxd5 d6 6.Nf3 g6 7.Bg5 Bg7 8.Nd2 O-O
9.e4 Re8 10.Be2 Nbd7 11.O-O a6 12.a4 h6 13.Bh4 g5 14.Bg3 Ne5 15.f4 gxf4 16.Bxf4 Qe7
17.Kh1 Nfd7 18.Qe1 Ng6 19.Be3 Nde5 20.h3 Bd7 21.a5 Rab8 22.Ra2 Rf8 23.Qg3 Kh7
24.Bg1 Bf6 25.Nd1 Bh4 26.Qa3 Qg5 27.Be3 Qg3 28.Bf2 Qg5 29.Be3 Qg3 30.Bf2 Qg5  1/2-1/2

[Event "US Chess Masters 2016"]
[Site "Greensboro USA"]
[Date "2016.08.25"]
[Round "1.6"]
[White "Gorti,Akshita"]
[Black "Zherebukh,Y"]
[Result "0-1"]
[WhiteElo "2246"]
[BlackElo "2600"]

1.d4 Nf6 2.c4 c5 3.d5 e6 4.Nc3 exd5 5.cxd5 d6 6.Nf3 g6 7.Bf4 a6 8.a4 Bg7
9.h3 O-O 10.e3 Ne8 11.Be2 Nd7 12.O-O b6 13.Re1 Rb8 14.e4 Ne5 15.Rc1 Nxf3+
16.Bxf3 b5 17.axb5 axb5 18.e5 dxe5 19.Bxe5 Bxe5 20.Rxe5 Nd6 21.b3 Bf5 22.Qd2 Qf6
23.Qf4 Rfe8 24.Rce1 Rxe5 25.Rxe5 Kg7 26.Re2 Ra8 27.Qd2 Bxh3 28.Ne4 Ra1+ 29.Kh2 Nxe4
30.Bxe4 Bg4  0-1

[Event "ch-CHN Blitz 2016"]
[Site "Shenzhen CHN"]
[Date "2016.08.26"]
[Round "6.6"]
[White "Yu,Kaifeng"]
[Black "Gao Rui"]
[Result "0-1"]
[WhiteElo "2243"]
[BlackElo "2548"]

1.d4 Nf6 2.c4 e6 3.Nf3 c5 4.d5 exd5 5.cxd5 d6 6.Nc3 g6 7.e4 Bg7 8.h3 O-O
9.Bd3 Re8 10.O-O a6 11.a4 Nh5 12.Bg5 Bf6 13.Bc1 Bg7 14.Bg5 Bf6 15.Bh6 Nd7
16.Qd2 Ne5 17.Be2 Nxf3+ 18.Bxf3 Ng7 19.a5 Rb8 20.Na4 Bd7 21.Nb6 Bb5 22.Rfe1 Be5
23.Rac1 Qe7 24.b4 cxb4 25.Qxb4 Qh4 26.Qd2 Qe7 27.Rc2 f5 28.Rec1 fxe4 29.Bg4 Qf8
30.Nd7 Bxd7 31.Bxd7 Re7 32.Rc8 Rxd7 33.Rxf8+ Rxf8 34.Qe2 Re7 35.Bg5 Ref7
36.Rf1 Nf5 37.Qxe4 Ng3 38.fxg3 Rxf1+ 39.Kh2 R1f7 40.Be3 Re8 41.Qg4 Rfe7 42.Bg5 Rf7
43.Bd2 Rc7 44.Be1 Rf8 45.Qb4 Rf1 46.Qxb7 Rxe1 47.Qc8+ Kg7 48.Qd7+ Kh6 49.h4 Bxg3+
50.Kh3 Re3 51.Kg4  0-1

[Event "Brazil Telecom Sesc Open"]
[Site "Caioba BRA"]
[Date "2016.08.28"]
[Round "6.22"]
[White "Luz,Arthur Nader"]
[Black "Souza,Gustavo Horokoski De"]
[Result "1/2-1/2"]
[WhiteElo "2081"]
[BlackElo "1925"]

1.d4 Nf6 2.Nf3 e6 3.c4 c5 4.d5 exd5 5.cxd5 d6 6.Nc3 g6 7.e4 Bg7 8.Be2 O-O
9.Nd2 Re8 10.O-O h6 11.Qc2 a6 12.a4 Nbd7 13.Nc4 Nb6 14.Nxb6 Qxb6 15.a5 Qc7
16.Re1 b5 17.axb6 Qxb6 18.Bf1 Bd7 19.Bf4 Nh5 20.Be3 Bb5 21.Nxb5 axb5 22.Rxa8 Rxa8
23.b4 Rc8 24.bxc5 dxc5 25.Rc1 Qa5 26.d6 c4 27.f4 Qa3 28.Qd2 Nf6 29.e5 Ne4
30.Qd4 f5 31.Ra1 Qb3 32.Qd5+ Kh7 33.Bd4 Nc3 34.Qf7 Qb2 35.Rd1 Ne2+ 36.Bxe2 Qxe2  1/2-1/2

[Event "24th Nikaia Open"]
[Site "Nikaia GRE"]
[Date "2016.09.02"]
[Round "9.2"]
[White "Pavlidis,Ana"]
[Black "Kouskoutis,Georgios-Alexandros"]
[Result "1/2-1/2"]
[WhiteElo "2380"]
[BlackElo "2136"]

1.d4 Nf6 2.c4 e6 3.Nf3 c5 4.d5 d6 5.Nc3 exd5 6.cxd5 g6 7.Bf4 a6 8.a4 Nh5
9.Bg5 Be7 10.Bh6 Bf6 11.h3 Bg7 12.Bxg7 Nxg7 13.e4 O-O 14.Bc4 Nd7 15.O-O Qf6
16.Re1 Ne5 17.Nxe5 Qxe5 18.Bf1 Nh5 19.g3 Bd7 20.Qd2 Rab8 21.Rad1 g5 22.Qe3 Qg7
23.e5 f5 24.exd6 f4 25.Qe5 fxg3 26.Qxg7+ Kxg7 27.Re7+ Rf7 28.fxg3 Nxg3 29.Rde1 Rf8
30.Bd3 Nf5 31.Bxf5 Bxf5 32.R1e5 Kf6 33.a5 Bg6 34.R5e6+ Kg7 35.Na4 Bf5 36.Re5 Bxh3
37.Nxc5 Kg6 38.Rxf7 Rxf7 39.Re7 h5 40.d7 Bxd7 41.Rxf7 Kxf7 42.Nxd7 Ke7 43.Nb6 h4
44.Nc4 g4 45.Kf2 h3 46.Kg3 Kd7 47.Ne3 Kd6 48.Nxg4 Kxd5 49.Kxh3 Kc4 50.Kg3 Kb3
51.Ne3 Kxb2 52.Nc4+ Kb3 53.Nd6 Kb4 54.Nxb7 Kb5 55.Kf4 Kc6 56.Nd8+ Kb5 57.Ke5  1/2-1/2

[Event "Istanbul Open 2016"]
[Site "Istanbul TUR"]
[Date "2016.09.03"]
[Round "7.4"]
[White "Nuri,M"]
[Black "Arat,Uf"]
[Result "0-1"]
[WhiteElo "2296"]
[BlackElo "2402"]

1.d4 d6 2.Nf3 Nf6 3.c4 c5 4.d5 e6 5.Nc3 exd5 6.cxd5 Bg4 7.Nd2 Na6 8.h3 Bh5
9.g4 Bg6 10.e4 h5 11.g5 Nd7 12.Nc4 Be7 13.f4 h4 14.Be2 Rb8 15.Nb5 Nb6 16.Nxb6 Bxe4
17.O-O Qxb6 18.Nxd6+ Bxd6 19.Qa4+ Kd8 20.Qxe4 Re8 21.Qc4 Nc7 22.Bg4 Nb5 23.Kh1 Nd4
24.Rd1 f5 25.gxf6 gxf6 26.Be6 Nxe6 27.dxe6 f5 28.Qd5 Kc7 29.b4 Rbd8 30.Be3 Qc6
31.Rac1 Rxe6 32.Bxc5 Re1+ 33.Bg1 Qxc1 34.Rxc1+ Rxc1 35.Qa5+ Kc8 36.Qxf5+ Kb8
37.Qh7 Bc7 38.Kg2 Rd2+ 39.Bf2 Bb6 40.Qh8+ Rc8 41.Qe5+ Ka8 42.Kf3 Rxf2+ 43.Kg4 Rf8
44.Kxh4 R2xf4+ 45.Kg5 Rxb4 46.Kg6 Rbf4  0-1

[Event "9th Sabadell Open 2016"]
[Site "Sabadell ESP"]
[Date "2016.09.04"]
[Round "4.6"]
[White "Olivares,F"]
[Black "Lorenzo de la Riva,L"]
[Result "0-1"]
[WhiteElo "2278"]
[BlackElo "2352"]

1.d4 Nf6 2.c4 c5 3.d5 e6 4.Nc3 exd5 5.cxd5 d6 6.Nf3 g6 7.Bf4 Bg7 8.Qa4+ Bd7
9.Qb3 b5 10.Bxd6 Qb6 11.Be5 O-O 12.e3 b4 13.Nb1 Bf5 14.Nbd2 Nbd7 15.Nc4 Qd8
16.Rd1 Be4 17.d6 Nxe5 18.Ncxe5 Bxf3 19.gxf3 Nd7 20.Nxd7 Qxd7 21.Bc4 Rab8
22.Rd5 Rb6 23.Ke2 Rxd6 24.Rhd1 Rxd5 25.Rxd5 Qc7 26.h4 Bf6 27.h5 Kg7 28.hxg6 hxg6
29.Qa4 Qh2 30.Qxa7 Bh4 31.Qxc5 Qxf2+ 32.Kd3 Qxf3 33.Kc2 Bf6 34.Qxb4 Qe4+
35.Rd3 Rh8 36.Kb3 Qe5 37.Bd5 Rb8  0-1

[Event "2nd Ceramica Corund Open"]
[Site "Corund ROU"]
[Date "2016.09.17"]
[Round "5.14"]
[White "Goczo,M"]
[Black "Laszlo,Zoltan-Imre"]
[Result "1-0"]
[WhiteElo "2165"]
[BlackElo "1884"]

1.d4 Nf6 2.c4 c5 3.d5 e6 4.Nc3 exd5 5.cxd5 d6 6.Nf3 g6 7.Nd2 Bg7 8.e4 O-O
9.Be2 Re8 10.O-O a6 11.a4 Nbd7 12.Re1 h6 13.Bf1 Nh5 14.Nc4 Nb6 15.Na3 Bd7
16.a5 Nc8 17.Nc4 Bb5 18.Bd2 Bxc4 19.Bxc4 Na7 20.Qb3 Rb8 21.Na4 Nc8 22.Bxa6 Qh4
23.g3 Qe7 24.Be2 Nf6 25.Bc3 Na7 26.Bf1 Ng4 27.Bxg7 Kxg7 28.Qc3+ f6 29.f4 h5
30.Nb6 Nc8 31.Bb5 Rh8 32.h3 Nxb6 33.hxg4 Nd7 34.g5 Rhf8 35.gxf6+ Nxf6 36.e5 Nxd5
37.Qd2 Nb4 38.exd6 Qf6 39.Re7+ Kh6 40.f5+  1-0

[Event "TCh-FIN 2016-17"]
[Site "Finland FIN"]
[Date "2016.09.17"]
[Round "1.6"]
[White "Vinke,D"]
[Black "Kosmo,S"]
[Result "1/2-1/2"]
[WhiteElo "2123"]
[BlackElo "2181"]

1.d4 Nf6 2.Nf3 c5 3.d5 e6 4.c4 d6 5.Nc3 exd5 6.cxd5 g6 7.g3 Bg7 8.Bg2 O-O
9.O-O Re8 10.Nd2 a6 11.a4 Nbd7 12.Nc4 Ne5 13.Nxe5 Rxe5 14.Bf4 Re8 15.Qd2 Rb8
16.a5 b5 17.axb6 Rxb6 18.e4 Ng4 19.Ra2 Ne5 20.Rfa1 Qf6 21.Bxe5 Qxe5 22.Bf1 Qd4
23.Qc2 f5 24.Bxa6 Bxa6 25.Rxa6 Rxa6 26.Rxa6 fxe4 27.Ra4 c4 28.Nb5 Qxd5 29.Nc7 Qd3
30.Qxc4+ Qxc4 31.Rxc4 Rd8 32.Nd5 Bxb2 33.Rxe4 Rd7 34.Kg2 Kf7 35.Kf3 Be5 36.Kg4 Ke6
37.Nf4+ Kf7 38.Nd5 Ke6 39.Nf4+ Kf7 40.Nd5  1/2-1/2

[Event "Independencia Cup CDMX GM"]
[Site "Mexico City MEX"]
[Date "2016.09.17"]
[Round "8.1"]
[White "Vijayalakshmi,S"]
[Black "Tapie,P"]
[Result "1/2-1/2"]
[WhiteElo "2384"]
[BlackElo "2301"]

1.d4 Nf6 2.c4 c5 3.d5 e6 4.Nc3 exd5 5.cxd5 d6 6.Nf3 g6 7.Nd2 Bg7 8.e4 O-O
9.Be2 Re8 10.O-O Na6 11.Re1 Nc7 12.a4 b6 13.Ra3 Rb8 14.Bf1 Ng4 15.h3 Nxf2
16.Kxf2 Bd4+  1/2-1/2